| 000 | 00670nam a2200205 i 4500 | ||
|---|---|---|---|
| 001 | 24817 | ||
| 003 | ES-MaACL | ||
| 005 | 20230906153133.0 | ||
| 007 | t| | ||
| 008 | 021219s1948 sp |||| | spa d | ||
| 245 | 0 | 0 |
_aAntología de la poesía española en la Edad Media _b: castellana, catalana y gallega / _cLuis Landínez. |
| 260 |
_a[Barcelona : _bIberia, _c1948] ( _fAgustín Núñez) |
||
| 300 |
_a178 p. ; _c19 cm. |
||
| 490 | 1 | _aColección obras maestras | |
| 650 | 4 |
_aPoesías españolas- _yHasta S.XV. _9152332 |
|
| 700 | 1 |
_aLandínez, Luis. _969957 |
|
| 830 | 0 |
_aColección obras maestras _9180938 |
|
| 852 |
_aES-MaACL _jE-1164 |
||
| 999 |
_c24817 _d24817 |
||